00341pab a2200121 454500008004000000100001900040245007500059260000900134300001400143650001800157700001900175773002500194180718b2003 xxu||||| |||| 00| 0 eng d aBeck, Nikolaus aThe complexity of rule systems, experience and organizational learning c2003 ap.793-814 aOrganizations aKieser, Alfred aOrganization Studies